[Event "Silicon Valley Fall op"]
[Site "Sunnyvale USA"]
[Date "2023.08.31"]
[Round "1.27"]
[White "Karthi, Jashith"]
[Black "Gedajlovic, Max"]
[Result "1/2-1/2"]
[WhiteElo "2026"]
[BlackElo "2403"]
[PlyCount "99"]
[EventDate "2023.08.31"]
[EventType "swiss"]
[EventRounds "9"]
[EventCountry "USA"]
[Source "ChessMix"]
[SourceDate "2023.09.10"]

1. d4 e6 2. c4 b6 3. Nf3 Bb7 4. g3 Bxf3 5. exf3 d5 6. Bg2 Nf6 7. O-O c6 8. b3
Bd6 9. Bb2 O-O 10. f4 Nbd7 11. Nd2 Qe7 12. Re1 g6 13. Qc2 Rac8 14. Bh3 Bb4 15.
Bc3 Bxc3 16. Qxc3 Qa3 17. Qc1 Qd6 18. Qb2 Rfd8 19. Rad1 a5 20. Bg2 Ne8 21. Nf3
Ng7 22. Ne5 Nxe5 23. fxe5 Qe7 24. Rc1 h5 25. cxd5 cxd5 26. Rxc8 Rxc8 27. Rc1
Rxc1+ 28. Qxc1 Qb4 29. Qc8+ Kh7 30. Qc7 Qxd4 31. Qxf7 Qxe5 32. Qb7 Qd6 33. Qf7
Qc6 34. h4 Qc2 35. Bh3 Qb1+ 36. Kh2 Qe1 37. Qf4 b5 38. a4 b4 39. Qf6 Qc3 40.
Qf7 Qe5 41. Bf1 Qf5 42. Qa7 Qf3 43. Kg1 Qxb3 44. Qxa5 e5 45. Qb5 e4 46. a5 d4
47. a6 Qa3 48. Qb7 b3 49. Qxe4 Qa1 50. Kg2 1/2-1/2

[Event "Silicon Valley Fall op"]
[Site "Sunnyvale USA"]
[Date "2023.09.01"]
[Round "2.20"]
[White "Gedajlovic, Max"]
[Black "Gutla, Aryan"]
[Result "1/2-1/2"]
[WhiteElo "2403"]
[BlackElo "2290"]
[PlyCount "64"]
[EventDate "2023.08.31"]
[EventType "swiss"]
[EventRounds "9"]
[EventCountry "USA"]
[Source "ChessMix"]
[SourceDate "2023.09.10"]

1. d4 Nf6 2. c4 e6 3. Nc3 Bb4 4. e3 O-O 5. Bd3 d5 6. Nge2 dxc4 7. Bxc4 c5 8. a3
Bxc3+ 9. bxc3 Qc7 10. Bd3 b6 11. e4 Ba6 12. Bg5 Bxd3 13. Qxd3 Nbd7 14. O-O Rac8
15. Rac1 cxd4 16. cxd4 Qb7 17. Nc3 a6 18. f4 h6 19. Bh4 b5 20. e5 Nd5 21. Qf3
N7b6 22. Ne4 Nc4 23. Bf2 Qe7 24. Ra1 a5 25. f5 exf5 26. Nc5 Rfd8 27. Rfe1 g6
28. e6 Nd2 29. Qh3 Ne4 30. exf7+ Qxf7 31. Nxe4 fxe4 32. Qxh6 Rf8 1/2-1/2

[Event "Silicon Valley Fall op"]
[Site "Sunnyvale USA"]
[Date "2023.09.01"]
[Round "3.17"]
[White "Rajesh, C.S.."]
[Black "Gedajlovic, Max"]
[Result "0-1"]
[WhiteElo "2219"]
[BlackElo "2403"]
[PlyCount "86"]
[EventDate "2023.08.31"]
[EventType "swiss"]
[EventRounds "9"]
[EventCountry "USA"]
[Source "ChessMix"]
[SourceDate "2023.09.10"]

1. Nf3 d5 2. d4 Nf6 3. c3 e6 4. Bf4 c5 5. e3 Nc6 6. Nbd2 Nh5 7. Bg5 f6 8. Bh4
g6 9. Bd3 Bd6 10. Bg3 cxd4 11. Bxd6 dxe3 12. Ba3 exd2+ 13. Qxd2 e5 14. Bb5 Kf7
15. g3 Bg4 16. Be2 Qd7 17. Qd1 Be6 18. h3 Rhd8 19. h4 d4 20. cxd4 exd4 21. Nd2
Bd5 22. O-O Nxg3 23. fxg3 Qh3 24. Bf3 Qxg3+ 25. Kh1 Qxh4+ 26. Kg2 Qg5+ 27. Kh1
Qh4+ 28. Kg2 d3 29. Rh1 Qg5+ 30. Kf2 Nd4 31. Rc1 Qf4 32. Rxh7+ Kg8 33. Rcc7 Nf5
34. Kg1 Qd4+ 35. Kh1 Rac8 36. Qg1 Rxc7 37. Rxc7 Qh4+ 38. Qh2 Qe1+ 39. Qg1 Ng3+
40. Kg2 Qxd2+ 41. Kxg3 Qg5+ 42. Bg4 Qe5+ 43. Kh3 Qxc7 0-1

[Event "Silicon Valley Fall op"]
[Site "Sunnyvale USA"]
[Date "2023.09.02"]
[Round "4.16"]
[White "Gedajlovic, Max"]
[Black "Pompe, Niko"]
[Result "1-0"]
[WhiteElo "2403"]
[BlackElo "2095"]
[PlyCount "67"]
[EventDate "2023.08.31"]
[EventType "swiss"]
[EventRounds "9"]
[EventCountry "USA"]
[Source "ChessMix"]
[SourceDate "2023.09.10"]

1. d4 d5 2. c4 e6 3. Nc3 Bb4 4. cxd5 exd5 5. a3 Bxc3+ 6. bxc3 Nf6 7. e3 O-O 8.
Bd3 c5 9. Ne2 b6 10. O-O Ba6 11. f3 Re8 12. Ng3 Bxd3 13. Qxd3 Nc6 14. Ra2 Rc8
15. Re2 Qd7 16. Bb2 Kh8 17. Rd1 cxd4 18. cxd4 Na5 19. e4 dxe4 20. fxe4 Nc4 21.
Bc1 Ne5 22. Qd2 Nc6 23. Bb2 Na5 24. Qg5 Nc4 25. Nf5 Rg8 26. Ba1 Rce8 27. d5 Ne5
28. Rf1 Qb5 29. Re3 Nfg4 30. Bxe5 Nxe5 31. Rh3 Qe2 32. Qh4 h6 33. Qxh6+ gxh6
34. Rxh6# 1-0

[Event "Silicon Valley Fall op"]
[Site "Sunnyvale USA"]
[Date "2023.09.02"]
[Round "5.9"]
[White "Ali Marandi, Cemil Can"]
[Black "Gedajlovic, Max"]
[Result "1-0"]
[WhiteElo "2559"]
[BlackElo "2403"]
[PlyCount "61"]
[EventDate "2023.08.31"]
[EventType "swiss"]
[EventRounds "9"]
[EventCountry "USA"]
[Source "ChessMix"]
[SourceDate "2023.09.10"]

1. d4 Nf6 2. Bg5 d5 3. e3 e6 4. Nf3 Nbd7 5. c4 c6 6. Nc3 Qa5 7. Nd2 dxc4 8.
Bxf6 Nxf6 9. Nxc4 Qc7 10. g3 Bb4 11. Bg2 O-O 12. O-O Bxc3 13. bxc3 c5 14. Qe2
Rb8 15. e4 b5 16. e5 bxc4 17. exf6 gxf6 18. Qxc4 Bb7 19. Bxb7 Rxb7 20. dxc5 Rc8
21. Rad1 Qe7 22. Rd6 Rbc7 23. Qg4+ Kh8 24. Rfd1 f5 25. Qd4+ e5 26. Qd3 f4 27.
Qf5 fxg3 28. hxg3 Kg7 29. Kg2 Rxc5 30. Rh1 Qb7+ 31. Kg1 1-0

[Event "Silicon Valley Fall op"]
[Site "Sunnyvale USA"]
[Date "2023.09.03"]
[Round "7.9"]
[White "Raja Harshit"]
[Black "Gedajlovic, Max"]
[Result "1/2-1/2"]
[WhiteElo "2509"]
[BlackElo "2403"]
[PlyCount "63"]
[EventDate "2023.08.31"]
[EventType "swiss"]
[EventRounds "9"]
[EventCountry "USA"]
[Source "ChessMix"]
[SourceDate "2023.09.10"]

1. e4 e5 2. Nf3 Nc6 3. Bb5 a6 4. Ba4 Nf6 5. O-O d6 6. Bxc6+ bxc6 7. d4 exd4 8.
Nxd4 c5 9. Nc6 Qd7 10. Na5 Qa4 11. Qe1 Be6 12. c4 Be7 13. b3 Qb4 14. Nc6 Qxe1
15. Rxe1 Nd7 16. Nc3 Bf6 17. Nd5 Bxd5 18. exd5+ Kf8 19. Rb1 Nb8 20. Nxb8 Rxb8
21. Bd2 g5 22. b4 cxb4 23. Bxb4 Kg7 24. Kf1 Rhc8 25. Rb3 Be5 26. Ba5 Kg6 27.
Ree3 f6 28. Rf3 Ra8 29. Rb7 c6 30. Bc7 cxd5 31. cxd5 h5 32. g3 1/2-1/2

[Event "Silicon Valley Fall op"]
[Site "Sunnyvale USA"]
[Date "2023.09.04"]
[Round "8.9"]
[White "Gedajlovic, Max"]
[Black "Mikaelyan, Arman"]
[Result "1/2-1/2"]
[WhiteElo "2403"]
[BlackElo "2529"]
[PlyCount "68"]
[EventDate "2023.08.31"]
[EventType "swiss"]
[EventRounds "9"]
[EventCountry "USA"]
[Source "ChessMix"]
[SourceDate "2023.09.10"]
[TimeControl "5400+30"]

1. d4 {[%emt 0:02:27]} Nf6 {[%emt 0:07:10]} 2. c4 {[%emt 0:00:05]} e6 {
[%emt 0:00:08]} 3. Bf4 {[%emt 0:00:16]} d5 {[%emt 0:08:16]} 4. cxd5 {
[%emt 0:00:11]} exd5 {[%emt 0:02:09]} 5. e3 {[%emt 0:03:02]} Bb4+ {
[%emt 0:05:32]} 6. Nc3 {[%emt 0:00:47]} O-O {[%emt 0:02:32]} 7. Bd3 {
[%emt 0:00:32]} c5 {[%emt 0:00:42]} 8. dxc5 {[%emt 0:05:06]} Nbd7 {
[%emt 0:05:51]} 9. Nge2 {[%emt 0:02:11]} Nxc5 {[%emt 0:00:30]} 10. Bc2 {
[%emt 0:05:10]} b6 {[%emt 0:01:19]} 11. O-O {[%emt 0:03:13]} Ba6 {
[%emt 0:00:34]} 12. Na4 {[%emt 0:06:35]} Nxa4 {[%emt 0:11:17]} 13. Bxa4 {
[%emt 0:00:13]} d4 {[%emt 0:00:20]} 14. a3 {[%emt 0:13:39]} Bd6 {[%emt 0:09:52]
} 15. Re1 {[%emt 0:08:59]} dxe3 {[%emt 0:03:32]} 16. fxe3 {[%emt 0:02:14]} Bxf4
{[%emt 0:01:20]} 17. exf4 {[%emt 0:00:57]} Qe7 {[%emt 0:01:22]} 18. Nd4 {
[%emt 0:05:10]} Qd6 {[%emt 0:00:27]} 19. Qd2 {[%emt 0:04:13]} Rad8 {
[%emt 0:03:09]} 20. Rad1 {[%emt 0:00:23]} Nh5 {[%emt 0:01:40]} 21. Re5 {
[%emt 0:02:11]} g6 {[%emt 0:03:34]} 22. Qe3 {[%emt 0:02:30]} Qf6 {
[%emt 0:05:07]} 23. g3 {[%emt 0:01:11]} Ng7 {[%emt 0:02:14]} 24. b4 {
[%emt 0:04:02]} Rd6 {[%emt 0:01:53]} 25. Rc1 {[%emt 0:03:18]} Bb7 {
[%emt 0:01:59]} 26. Nb5 {[%emt 0:05:28]} Rc6 {[%emt 0:03:35]} 27. Nxa7 {
[%emt 0:01:46]} Rxc1+ {[%emt 0:00:15]} 28. Qxc1 {[%emt 0:00:02]} Qd8 {
[%emt 0:02:08]} 29. Nc6 {[%emt 0:02:44]} Bxc6 {[%emt 0:01:45]} 30. Bxc6 {
[%emt 0:00:24]} Qd4+ {[%emt 0:00:10]} 31. Qe3 {[%emt 0:01:45]} Qd1+ {
[%emt 0:01:10]} 32. Qe1 {[%emt 0:00:14]} Qd4+ {[%emt 0:01:06]} 33. Qe3 {
[%emt 0:00:12]} Qd1+ {[%emt 0:00:43]} 34. Qe1 {[%emt 0:00:08]} Qd4+ {
[%emt 0:00:08]} 1/2-1/2

[Event "Silicon Valley Fall op"]
[Site "Sunnyvale USA"]
[Date "2023.09.04"]
[Round "9.7"]
[White "Antipov, Mikhail Al"]
[Black "Gedajlovic, Max"]
[Result "1-0"]
[WhiteElo "2600"]
[BlackElo "2403"]
[PlyCount "71"]
[EventDate "2023.08.31"]
[EventType "swiss"]
[EventRounds "9"]
[EventCountry "USA"]
[Source "ChessMix"]
[SourceDate "2023.09.10"]
[TimeControl "5400+30"]

1. e4 {[%emt 0:00:06]} e5 {[%emt 0:00:07]} 2. Nf3 {[%emt 0:00:09]} Nc6 {
[%emt 0:00:30]} 3. Bc4 {[%emt 0:00:30]} Nf6 {[%emt 0:00:30]} 4. d3 {
[%emt 0:00:30]} h6 {[%emt 0:00:30]} 5. h3 {[%emt 0:00:30]} d6 {[%emt 0:00:00]}
6. a4 {[%emt 0:00:30]} g6 {[%emt 0:00:00]} 7. Nc3 {[%emt 0:00:30]} Bg7 {
[%emt 0:01:30]} 8. a5 {[%emt 0:00:30]} a6 {[%emt 0:00:00]} 9. O-O {
[%emt 0:00:30]} O-O {[%emt 0:00:00]} 10. Re1 {[%emt 0:45:56]} Kh7 {
[%emt 0:00:00]} 11. Be3 {[%emt 0:46:19]} Be6 {[%emt 0:04:06]} 12. Bxe6 {
[%emt 0:00:30]} fxe6 {[%emt 0:00:09]} 13. Ne2 {[%emt 0:00:00]} Nh5 {
[%emt 0:13:03]} 14. c3 {[%emt 0:00:00]} Qd7 {[%emt 0:00:30]} 15. Ng3 {
[%emt 0:00:00]} Nxg3 {[%emt 0:00:30]} 16. fxg3 {[%emt 0:00:00]} Ne7 {
[%emt 0:00:30]} 17. b4 {[%emt 0:00:00]} Rfb8 {[%emt 0:07:28]} 18. g4 {
[%emt 0:00:00]} b5 {[%emt 0:02:48]} 19. g5 {[%emt 0:00:00]} h5 {[%emt 0:00:30]}
20. Ra2 {[%emt 0:00:00]} d5 {[%emt 0:08:28]} 21. Bc5 {[%emt 0:00:00]} Nc6 {
[%emt 0:00:30]} 22. Rf2 {[%emt 0:00:00]} d4 {[%emt 0:59:51]} 23. c4 {
[%emt 0:05:30]} bxc4 {[%emt 0:00:00]} 24. Ref1 {[%emt 0:00:30]} Qd8 {
[%emt 0:00:00]} 25. dxc4 {[%emt 0:00:00]} Nxb4 {[%emt 0:00:00]} 26. Qd2 {
[%emt 0:00:00]} Nc6 {[%emt 0:00:00]} 27. Nh4 {[%emt 0:00:00]} Qe8 {
[%emt 0:00:00]} 28. Rf7 {[%emt 0:00:00]} Nd8 {[%emt 0:00:00]} 29. Re7 {
[%emt 0:00:00]} Qc6 {[%emt 0:00:00]} 30. Qf2 {[%emt 0:00:00]} Qxc5 {
[%emt 0:00:00]} 31. Rxg7+ {[%emt 0:00:00]} Kxg7 {[%emt 0:00:00]} 32. Qf6+ {
[%emt 0:00:00]} Kh7 {[%emt 0:00:00]} 33. Qxg6+ {[%emt 0:00:00]} Kh8 {
[%emt 0:00:00]} 34. Qh6+ {[%emt 0:00:00]} Kg8 {[%emt 0:00:00]} 35. g6 {
[%emt 0:00:00]} d3+ {[%emt 0:00:00]} 36. Kh2 {[%emt 0:00:00]} 1-0

[Event "chess.com SpeedChess Q2Sw"]
[Site "chess.com INT"]
[Date "2023.08.23"]
[Round "2"]
[White "Gedajlovic, Max"]
[Black "Povshednyi, Ivan"]
[Result "1/2-1/2"]
[WhiteElo "2403"]
[BlackElo "2223"]
[PlyCount "224"]
[EventDate "2023.08.23"]
[EventType "swiss (blitz)"]
[EventRounds "14"]
[EventCountry "NET"]
[Source "Mark Crowther"]
[SourceDate "2023.08.28"]

1. d4 Nf6 2. Nf3 d5 3. e3 Bf5 4. c4 c6 5. Nc3 e6 6. Nh4 Be4 7. f3 Bg6 8. Bd2
Nbd7 9. Nxg6 hxg6 10. g3 Bd6 11. Kf2 Qb8 12. f4 Bb4 13. Bd3 Bxc3 14. bxc3 c5
15. cxd5 exd5 16. Qf3 Qd6 17. Rab1 b6 18. c4 O-O 19. cxd5 Nxd5 20. Bc4 N5f6 21.
Rhd1 Rfe8 22. Kg2 Qe7 23. d5 Ne4 24. Be1 Nd6 25. Bf1 Qxe3 26. Qxe3 Rxe3 27. a4
Nf6 28. a5 Rb8 29. axb6 axb6 30. Bf2 Rc3 31. Bb5 Nfe4 32. Be1 Rc2+ 33. Kg1 Nc3
34. Bxc3 Rxc3 35. Re1 Kf8 36. Kg2 Rc2+ 37. Kg1 Rd2 38. Bc6 b5 39. Ra1 c4 40.
Ra7 Rd8 41. Kf1 b4 42. Re2 Rxe2 43. Kxe2 b3 44. Kd2 Ne4+ 45. Kc1 Nc3 46. Ra5
Ke7 47. Kb2 Ne4 48. Rb5 Kd6 49. Rb7 f6 50. Bb5 Kc5 51. Ba4 Rd6 52. Rb5+ Kd4 53.
Rb4 Rxd5 54. Bxb3 Nd6 55. Bc2 Rb5 56. Ka3 Rxb4 57. Kxb4 g5 58. fxg5 fxg5 59. h4
gxh4 60. gxh4 c3 61. h5 Nf7 62. Ka3 Ne5 63. Kb3 Ng4 64. Bb1 Ne3 65. Bg6 Nd5 66.
Kc2 Nf4 67. Bf7 Ng2 68. Kc1 Ne3 69. Bg6 Kc4 70. Bf7+ Kb4 71. Bg6 Nc4 72. Kc2
Ne5 73. Bf5 Kc4 74. Bh7 Kd4 75. Bf5 Nf7 76. Bg6 Nh6 77. Bh7 Ng4 78. Bg6 Ne3+
79. Kc1 Ke5 80. Be8 Kf4 81. Kb1 Kg5 82. Ka2 Nd1 83. Kb3 Nf2 84. Kxc3 Ng4 85.
Kd4 Nf6 86. Bf7 Nxh5 87. Ke3 Kh4 88. Kf3 Nf6 89. Kg2 g5 90. Kh1 g4 91. Be6 g3
92. Bf5 Nh5 93. Be4 Kg5 94. Bf3 Nf6 95. Kg2 Kf4 96. Be2 Nd7 97. Bf3 Ne5 98. Be2
Nc6 99. Bf3 Nd4 100. Bd1 Nf5 101. Be2 Nh4+ 102. Kg1 Ke3 103. Bd1 Kd2 104. Bg4
Ke3 105. Bh5 Kf4 106. Be2 Nf3+ 107. Bxf3 Kxf3 108. Kf1 Kf4 109. Kg2 Kg4 110.
Kg1 Kh3 111. Kh1 g2+ 112. Kg1 Kg3 1/2-1/2

[Event "chess.com SpeedChess Q2Sw"]
[Site "chess.com INT"]
[Date "2023.08.23"]
[Round "3"]
[White "Gedajlovic, Max"]
[Black "Nilsen, Tobias Lang"]
[Result "1-0"]
[WhiteElo "2403"]
[BlackElo "2219"]
[PlyCount "61"]
[EventDate "2023.08.23"]
[EventType "swiss (blitz)"]
[EventRounds "14"]
[EventCountry "NET"]
[Source "Mark Crowther"]
[SourceDate "2023.08.28"]

1. e4 e6 2. d4 d5 3. e5 c5 4. c3 Qb6 5. Nf3 Nc6 6. Bd3 cxd4 7. O-O Bd7 8. Re1
a6 9. h4 Rc8 10. h5 h6 11. Nbd2 dxc3 12. bxc3 Na5 13. Rb1 Qc7 14. Nb3 Nc4 15.
Bxc4 dxc4 16. Nbd4 Ne7 17. Nh4 Nc6 18. Be3 Nxd4 19. Bxd4 Bc6 20. Qg4 Bd5 21. f4
Qe7 22. Rf1 Rg8 23. a4 Qd8 24. f5 Qg5 25. Qh3 Bc5 26. Bxc5 Rxc5 27. fxe6 fxe6
28. Ng6 Rc7 29. Rbd1 Rd7 30. Rxd5 exd5 31. Qe6+ 1-0

[Event "chess.com SpeedChess Q2Sw"]
[Site "chess.com INT"]
[Date "2023.08.23"]
[Round "4"]
[White "Tari, A."]
[Black "Gedajlovic, Max"]
[Result "1-0"]
[WhiteElo "2629"]
[BlackElo "2403"]
[PlyCount "95"]
[EventDate "2023.08.23"]
[EventType "swiss (blitz)"]
[EventRounds "14"]
[EventCountry "NET"]
[Source "Mark Crowther"]
[SourceDate "2023.08.28"]

1. c4 e5 2. Nc3 Nf6 3. Nf3 Nc6 4. e4 Bb4 5. d3 Bxc3+ 6. bxc3 d6 7. g3 h6 8. Bg2
Be6 9. h3 Qd7 10. Nh4 g5 11. Qf3 Ng8 12. Nf5 Bxf5 13. exf5 Nge7 14. h4 gxh4 15.
f6 hxg3 16. Bh3 gxf2+ 17. Kxf2 Qd8 18. fxe7 Qxe7 19. Bf5 Nd8 20. Be3 c6 21.
Rag1 Ne6 22. Bxh6 O-O-O 23. Bg5 f6 24. Be3 Kb8 25. Qg4 Rxh1 26. Rxh1 Ng5 27.
Rh5 Rg8 28. Qh4 d5 29. Rh8 Qf8 30. Rxg8 Qxg8 31. cxd5 cxd5 32. d4 exd4 33. cxd4
Qd8 34. a4 a6 35. Qh6 Ka7 36. Qg7 Qd6 37. Qh6 Qe7 38. a5 Qd8 39. Qg7 Ne4+ 40.
Bxe4 dxe4 41. d5+ Ka8 42. Bb6 Qc8 43. Ke3 Qc3+ 44. Ke2 Qc2+ 45. Ke1 Qc1+ 46.
Kf2 Qd2+ 47. Kg3 Qd3+ 48. Kh4 1-0

[Event "chess.com SpeedChess Q2Sw"]
[Site "chess.com INT"]
[Date "2023.08.23"]
[Round "5"]
[White "Gedajlovic, Max"]
[Black "Gatterer, F."]
[Result "1-0"]
[WhiteElo "2403"]
[BlackElo "2170"]
[PlyCount "83"]
[EventDate "2023.08.23"]
[EventType "swiss (blitz)"]
[EventRounds "14"]
[EventCountry "NET"]
[Source "Mark Crowther"]
[SourceDate "2023.08.28"]

1. d4 Nf6 2. Nf3 g6 3. Nbd2 d5 4. e3 Bg7 5. b4 O-O 6. c4 c6 7. Bb2 Bg4 8. Be2
Bxf3 9. Nxf3 Nbd7 10. a4 Ne4 11. O-O e6 12. Qb3 a6 13. Rfc1 Nd6 14. cxd5 exd5
15. b5 axb5 16. axb5 Rxa1 17. Rxa1 Re8 18. bxc6 bxc6 19. Ra6 Nb8 20. Ra7 Ne4
21. Qb7 Nd6 22. Qb3 Ne4 23. Ba3 Bf8 24. Qb7 Qf6 25. Bxf8 Rxf8 26. Qc7 Qd6 27.
Ne5 Qb4 28. Qa5 Qb2 29. Qe1 Qb6 30. Ra1 f6 31. Nd3 Nd7 32. Rb1 Qc7 33. Rc1 Qd6
34. Qb4 Rc8 35. f3 Qxb4 36. Nxb4 Nd6 37. Ba6 Rc7 38. Nxd5 Ra7 39. Rxc6 Nb8 40.
Rxd6 Rxa6 41. Nxf6+ Kf7 42. Rxa6 1-0

[Event "chess.com SpeedChess Q2Sw"]
[Site "chess.com INT"]
[Date "2023.08.23"]
[Round "6"]
[White "Gedajlovic, Max"]
[Black "Livaic, Leon"]
[Result "1/2-1/2"]
[WhiteElo "2403"]
[BlackElo "2558"]
[PlyCount "191"]
[EventDate "2023.08.23"]
[EventType "swiss (blitz)"]
[EventRounds "14"]
[EventCountry "NET"]
[Source "Mark Crowther"]
[SourceDate "2023.08.28"]

1. e4 c5 2. Nf3 e6 3. g3 Nc6 4. Bg2 Nf6 5. Qe2 d6 6. O-O Be7 7. Rd1 O-O 8. d4
cxd4 9. Nxd4 Nxd4 10. Rxd4 e5 11. Rd1 Bg4 12. f3 Be6 13. c4 Rc8 14. b3 b5 15.
cxb5 d5 16. exd5 Nxd5 17. Be3 Qc7 18. Bf2 h5 19. a4 h4 20. f4 hxg3 21. hxg3 Nb4
22. Qxe5 Qc2 23. Na3 Qxb3 24. Rdb1 Qd3 25. Qe3 Bf6 26. Qxd3 Nxd3 27. Bxa7 Bxa1
28. Rxa1 Nb4 29. a5 Bd5 30. Rb1 Rc3 31. Rxb4 Rxg3 32. Rb2 Bxg2 33. Rxg2 Rxa3
34. a6 f6 35. Rb2 Ra8 36. Bc5 R3xa6 37. bxa6 Rxa6 38. Be3 Kf7 39. Kf2 Kg6 40.
Kf3 Ra3 41. Rb5 Ra1 42. f5+ Kh7 43. Ke4 Ra4+ 44. Kf3 Ra1 45. Bf4 Rf1+ 46. Kg4
Rg1+ 47. Bg3 Rf1 48. Rb7 Rg1 49. Rb2 Kg8 50. Rb8+ Kh7 51. Rb2 Kg8 52. Kf3 Rf1+
53. Rf2 Ra1 54. Re2 Ra5 55. Kg4 Ra1 56. Kh5 Kh7 57. Rh2 Ra4 58. Rh4 Ra3 59. Bf4
Ra5 60. Kg4+ Kg8 61. Rh2 Ra1 62. Rg2 Rf1 63. Re2 Kh7 64. Bg3 Ra1 65. Re7 Kg8
66. Bf4 Kh7 67. Kf3 Rf1+ 68. Kg4 Rg1+ 69. Bg3 Rf1 70. Re2 Kg8 71. Rh2 Rg1 72.
Kf3 Rf1+ 73. Rf2 Rb1 74. Re2 Rb5 75. Kf4 Rb1 76. Ke4 Rg1 77. Kf3 Rf1+ 78. Bf2
Rb1 79. Rc2 Kh7 80. Rc7 Rb5 81. Kf4 Rb4+ 82. Kf3 Rb1 83. Bd4 Kg8 84. Rc8+ Kh7
85. Rc7 Kg8 86. Rd7 Rf1+ 87. Ke4 Re1+ 88. Kd5 Re2 89. Rd8+ Kh7 90. Rd7 Kh6 91.
Kc4 Kg5 92. Rxg7+ Kxf5 93. Rf7 Re6 94. Kd5 Ra6 95. Rxf6+ Rxf6 96. Bxf6 1/2-1/2

[Event "chess.com SpeedChess Q2Sw"]
[Site "chess.com INT"]
[Date "2023.08.23"]
[Round "7"]
[White "Kovalev, Vl"]
[Black "Gedajlovic, Max"]
[Result "1-0"]
[WhiteElo "2582"]
[BlackElo "2403"]
[PlyCount "69"]
[EventDate "2023.08.23"]
[EventType "swiss (blitz)"]
[EventRounds "14"]
[EventCountry "NET"]
[Source "Mark Crowther"]
[SourceDate "2023.08.28"]

1. e4 e5 2. Nf3 Nc6 3. Bb5 a6 4. Ba4 Nge7 5. c3 g6 6. d4 b5 7. Bc2 exd4 8. cxd4
d5 9. O-O Bg7 10. exd5 Nxd5 11. Re1+ Nce7 12. Nc3 O-O 13. Ne4 Bg4 14. h3 Bxf3
15. Qxf3 Nf5 16. Be3 Re8 17. Rad1 Ndxe3 18. fxe3 Qe7 19. Nc3 Rad8 20. Bxf5 gxf5
21. Qxf5 c6 22. Kh1 Rd6 23. Qd3 c5 24. Re2 Qh4 25. Qf5 cxd4 26. exd4 Rxe2 27.
Nxe2 Qe7 28. Qf3 h6 29. b3 Re6 30. Ng3 Re1+ 31. Kh2 Re3 32. Qa8+ Kh7 33. Nf5
Qc7+ 34. Kh1 Qc2 35. Nxe3 1-0

[Event "chess.com SpeedChess Q2Sw"]
[Site "chess.com INT"]
[Date "2023.08.23"]
[Round "8"]
[White "Valle Luis, Leo"]
[Black "Gedajlovic, Max"]
[Result "0-1"]
[WhiteElo "2250"]
[BlackElo "2403"]
[PlyCount "81"]
[EventDate "2023.08.23"]
[EventType "swiss (blitz)"]
[EventRounds "14"]
[EventCountry "NET"]
[Source "Mark Crowther"]
[SourceDate "2023.08.28"]

1. e4 e5 2. Nf3 Nc6 3. Bb5 a6 4. Ba4 Nge7 5. O-O g6 6. c3 Bg7 7. Re1 O-O 8. d4
b5 9. Bc2 exd4 10. cxd4 d5 11. e5 Bg4 12. Be3 f6 13. exf6 Bxf6 14. Bh6 Rf7 15.
Nbd2 Nxd4 16. Bd3 Nec6 17. Rc1 Qd6 18. h3 Nxf3+ 19. Nxf3 Bxf3 20. gxf3 Nd4 21.
Kg2 c5 22. Qd2 Nxf3 23. Bf4 Qd7 24. Kxf3 Bg5 25. Kg2 Bxf4 26. Qe2 Bxc1 27. Rxc1
c4 28. Bb1 d4 29. Be4 Re8 30. Re1 d3 31. Qd2 Qd4 32. f3 Kg7 33. h4 Re5 34. Rh1
Rxe4 35. fxe4 Qxe4+ 36. Kh2 Qxh4+ 37. Kg2 Qg4+ 38. Kh2 Rf3 39. Qg2 Qf4+ 40. Kg1
Rg3 41. Rh4 0-1

[Event "chess.com SpeedChess Q2Sw"]
[Site "chess.com INT"]
[Date "2023.08.23"]
[Round "9"]
[White "Gedajlovic, Max"]
[Black "Demidov, M."]
[Result "0-1"]
[WhiteElo "2403"]
[BlackElo "2566"]
[PlyCount "54"]
[EventDate "2023.08.23"]
[EventType "swiss (blitz)"]
[EventRounds "14"]
[EventCountry "NET"]
[Source "Mark Crowther"]
[SourceDate "2023.08.28"]

1. e4 c5 2. Nf3 e6 3. g3 Nc6 4. Bg2 g6 5. O-O Bg7 6. Nc3 Nge7 7. d4 Nxd4 8.
Nxd4 cxd4 9. Ne2 Qb6 10. a4 O-O 11. a5 Qc5 12. Ra4 Nc6 13. b3 Rd8 14. Ba3 Qh5
15. Bd6 e5 16. b4 a6 17. Qd3 Re8 18. c3 Re6 19. Bc5 d6 20. Bb6 dxc3 21. Nxc3
Bd7 22. Qb1 g5 23. Nd5 Rh6 24. Rd1 Nd4 25. Rxd4 exd4 26. Ra2 Qxh2+ 27. Kf1 Bb5+
0-1

[Event "chess.com SpeedChess Q2Sw"]
[Site "chess.com INT"]
[Date "2023.08.23"]
[Round "10"]
[White "Garakov, M."]
[Black "Gedajlovic, Max"]
[Result "1-0"]
[WhiteElo "2447"]
[BlackElo "2403"]
[PlyCount "103"]
[EventDate "2023.08.23"]
[EventType "swiss (blitz)"]
[EventRounds "14"]
[EventCountry "NET"]
[Source "Mark Crowther"]
[SourceDate "2023.08.28"]

1. e4 e5 2. Nf3 Nc6 3. Bb5 a6 4. Bxc6 dxc6 5. O-O Qf6 6. d4 exd4 7. Qxd4 Qxd4
8. Nxd4 Bd7 9. Bf4 O-O-O 10. Nc3 Bb4 11. Nde2 Nf6 12. a3 Be7 13. h3 Be6 14.
Rfd1 h6 15. Be3 c5 16. Nf4 Bd6 17. Nxe6 fxe6 18. f4 e5 19. f5 c4 20. Kf2 b5 21.
Kf3 Kb7 22. g4 Rhf8 23. Ne2 Kc6 24. Ng3 Bc5 25. Bxc5 Kxc5 26. h4 a5 27. g5 hxg5
28. hxg5 Nd7 29. Rd5+ Kc6 30. Rad1 Rf7 31. g6 Re7 32. f6 Rf8 33. f7 Nb6 34. Rd8
Rfxf7+ 35. gxf7 Rxf7+ 36. Ke3 c3 37. b3 b4 38. axb4 axb4 39. Rf1 Re7 40. Nf5
Re6 41. Nxg7 Rg6 42. Nf5 Rg2 43. Rf2 Rg1 44. Re8 Nd7 45. Ne7+ Kb7 46. Nd5 Re1+
47. Re2 Rd1 48. Re7 Kc6 49. Nxb4+ Kd6 50. Rxd7+ Kxd7 51. Nd5 c6 52. Nxc3 1-0

[Event "chess.com SpeedChess Q2Sw"]
[Site "chess.com INT"]
[Date "2023.08.23"]
[Round "11"]
[White "Gedajlovic, Max"]
[Black "Bazilius, Augustinas"]
[Result "0-1"]
[WhiteElo "2403"]
[BlackElo "2052"]
[PlyCount "94"]
[EventDate "2023.08.23"]
[EventType "swiss (blitz)"]
[EventRounds "14"]
[EventCountry "NET"]
[Source "Mark Crowther"]
[SourceDate "2023.08.28"]

1. d4 Nf6 2. Nf3 c5 3. d5 b5 4. c4 b4 5. Qc2 d6 6. e4 g6 7. Bd3 Bg7 8. O-O O-O
9. h3 a5 10. a3 e6 11. Bf4 e5 12. Be3 Na6 13. Nbd2 Nh5 14. Be2 f5 15. exf5 Bxf5
16. Qd1 e4 17. Ng5 Bxb2 18. Rb1 bxa3 19. Bxh5 gxh5 20. Ndxe4 Rb8 21. Qxh5 Qe8
22. Qh4 a2 23. Rbe1 Qg6 24. Bf4 a1=Q 25. Rxa1 Bxe4 26. Rxa5 Bd3 27. Re1 Bxc4
28. Re6 Bf6 29. Rxd6 h6 30. Bc1 Rb1 31. Qxc4 Qxg5 32. f4 Qg3 33. Rxf6 Rxf6 34.
d6+ Kg7 35. Rxa6 Re6 36. Ra7+ Kf6 37. Qf1 Rxc1 38. Qxc1 Re1+ 39. Qxe1 Qxe1+ 40.
Kh2 Qd2 41. Ra6 Qxf4+ 42. Kg1 Qd4+ 43. Kh2 Ke6 44. d7+ Kxd7 45. Rg6 Qf4+ 46.
Kg1 Qe3+ 47. Kf1 Qd3+ 0-1

[Event "Romania GP"]
[Site "Brasov ROM"]
[Date "2023.07.16"]
[Round "1.23"]
[White "Pirvu, Ciprian Valentin"]
[Black "Gedajlovic, Max"]
[Result "1-0"]
[WhiteElo "1579"]
[BlackElo "2416"]
[PlyCount "52"]
[EventDate "2023.07.17"]
[EventType "swiss"]
[EventRounds "9"]
[EventCountry "ROM"]
[Source "ChessMix"]
[SourceDate "2023.08.01"]

1. e4 e5 2. Nf3 Nc6 3. Bc4 Bc5 4. c3 Nf6 5. d4 exd4 6. e5 d5 7. Bb5 Ne4 8. cxd4
Bb6 9. Nc3 O-O 10. h3 f6 11. Be3 Nxc3 12. bxc3 fxe5 13. Bxc6 exd4 14. Nxd4 bxc6
15. Nxc6 Qf6 16. Qxd5+ Kh8 17. Nd4 Ba6 18. Qg5 Qd6 19. Nf5 Qe5 20. Nd4 Bxd4 21.
cxd4 Qe4 22. Qg4 Qd3 23. Rc1 Rab8 24. Qd1 Qe4 25. Qg4 Qd5 26. Rxc7 Qa5+ 1-0